Statistics for Foods that Start with P

Click here to take the quiz!

General Stats

  • This quiz has been taken 55,366 times
    (2,154 since last reset)
  • The average score is 15 of 20

Answer Stats

Answer % Correct
Pizza
100%
Pretzel
98%
Pistachio
93%
Peach
93%
Papaya
87%
Pomegranate
87%
Pumpkin Pie
82%
Penne
81%
Pesto
80%
Parsley
80%
Pecan
79%
Pita
76%
Prosciutto
75%
Paella
73%
Plantain
69%
Parsnip
69%
Poutine
65%
Pumpernickel
52%
Persimmon
48%
Pomelo
40%

Score Distribution

Percentile by Number Answered

Percent of People with Each Score

Your Score History

You have not taken this quiz since the last reset